000
00313nam a22001337a 4500
008
181203b xxu||||| |||| 00| 0 eng d
020
_a
9780131907454
041
_a
eng
080
_2
3rd
_a
579
100
_a
11
101
_a
MIK
245
_a
Microbiology Principles & Applications
_c
Black,J.G
942
_2
udc
_c
BK
999
_c
52740
_d
52740